Tourism and economic development in India / (Record no. 39940)

MARC details
000 -LEADER
fixed length control field 00790nam a22002297a 4500
005 - DATE AND TIME OF LATEST TRANSACTION
control field 20100806164844.0
010 ## - LCCN (DPL NO)
LC control number ENG-98767
020 ## - INTERNATIONAL STANDARD BOOK NUMBER
International Standard Book Number 8186203672
Terms of availability 40.00
035 ## - SYSTEM CONTROL NUMBER
System control number EN-82299
037 ## - SOURCE OF ACQUISITION
Source of stock number/acquisition DBAD/PUB
082 ## - DEWEY DECIMAL CLASSIFICATION NUMBER
Classification number 338.479154045
100 ## - MAIN ENTRY--PERSONAL NAME
Personal name Rajeswari,R.
245 ## - TITLE STATEMENT
Title Tourism and economic development in India /
Statement of responsibility, etc by R.Rajeshwari
260 ## - PUBLICATION, DISTRIBUTION, ETC. (IMPRINT)
Place of publication, distribution, etc Chennai
Name of publisher, distributor, etc Sri Mangadu Kamat Chiamman
Date of publication, distribution, etc 2008
270 ## - ADDRESS
Address Srimangadukamatchiamman Business corporation
City chennai
300 ## - PHYSICAL DESCRIPTION
Extent 66p.
Dimensions 16cm (pbk)
650 ## - SUBJECT ADDED ENTRY--TOPICAL TERM
Topical term or geographic name as entry element Economic policy
650 ## - SUBJECT ADDED ENTRY--TOPICAL TERM
Topical term or geographic name as entry element India
650 ## - SUBJECT ADDED ENTRY--TOPICAL TERM
Topical term or geographic name as entry element Tourism
942 ## - ADDED ENTRY ELEMENTS (KOHA)
Source of classification or shelving scheme Dewey Decimal Classification
Item type English Books
Classification part 338.479154045
Call number suffix RAJ
Holdings
Withdrawn status Lost status Not for loan Collection code Home library Current library Date acquired Cost, normal purchase price Full call number Barcode Cost, replacement price Koha item type
    Not For Loan Non-fiction D.B.Act.Division D.B.Act.Division 06/08/2010 40.00 338.479154045 RAJ EN-82299 40.00 English Books

© Delhi Public Library
Hit Counter
free hit counter